000
00282nam a22001097a 4500
082
_a
954.9122 KHA'C
100
_a
KHAN, MUHAMMAD AFZAL
_9
75690
245
_a
CHITRAL AND KAFRISTAN A PERSONAL STUDY
260
_a
RAWALPINDI
_b
ARMY EDUCATION PRESS
_c
1980
300
_a
100P
942
_c
BK
999
_c
581105
_d
581105